000
00157nam a22000857a 4500
082
_a
823
100
_a
UNKNOWN
245
_a
WISE FROGS MORAL STORIES
942
_c
BK
999
_c
8184
_d
8184